Muumien hahmot -Kuvavisa - Statistics

Yleistilastot
  • Tätä visaa on pelattu 404 kertaa
    393 viimeisimmän päivityksen jälkeen
  • Keskiarvotulos 19 / 25
Vastaustilastot
Kuvavisa Vastaus % Oikein
Muumipeikko
100%
Muumimamma
99%
Muumipappa
99%
Pikku Myy
99%
Mörkö
98%
Niisku
98%
Nuuskamuikkunen
98%
Haisuli
97%
Hattivatit
97%
Niiskuneiti
97%
Nipsu
97%
Hemuli
95%
Taikuri
90%
Mymmeli
86%
Tiuhti ja Viuhti
86%
Vilijonkka
82%
Tuu-tikki
81%
Ninni
80%
Hosuli
63%
Sosuli
43%
Tahmatassu
27%
Mimmi-Täti
26%
Ti-ti-Uu
25%
Miisa
18%
Nyyti
18%
Ehtoja vastaavia visoja ei löytynyt
Tulosjakauma
Jokaisen tuloksen saaneiden osuus
Persentiili vastausten määrän mukaan
Tuloshistoriasi
Et ole pelannut tätä visaa sen viimeisimmän päivityksen jälkeen